| 000 | 00559cam a2200217ua 4500 | ||
|---|---|---|---|
| 001 | 8456 | ||
| 005 | 20260515114334.0 | ||
| 008 | 150130n ii |||gr||||Z||||||eng | ||
| 020 | _a9788130919119 | ||
| 040 | _cMAIN | ||
| 041 | _aeng | ||
| 082 | _a820 | ||
| 100 |
_aBarker, F., _eEditor. |
||
| 245 |
_aColonial discourse : _bPostcolonial theory / _cEdited by Francies Barker . |
||
| 250 | _a1st. | ||
| 260 |
_aNew Delhi: _bViva, _c2012. |
||
| 300 | _a288p. | ||
| 653 | _aEnglish.& Old English literatures | ||
| 653 | _aPostcolonial theory | ||
| 942 | _cBK | ||
| 999 |
_c7558 _d7558 |
||